| 000 | 00403nam a22001697a 4500 | ||
|---|---|---|---|
| 999 |
_c11497 _d11497 |
||
| 003 | OSt | ||
| 008 | 220831b ||||| |||| 00| 0 eng d | ||
| 020 | _a9780198091783 | ||
| 082 | _a333.7 KOI | ||
| 100 | _aKOLSTAD, Charles D. | ||
| 245 | _aIntermediate Environmental Economics | ||
| 250 | _a2nd. | ||
| 260 |
_aNew York _bOxford _c2011 |
||
| 300 | _a470 p. | ||
| 650 | _aEconomics | ||
| 942 |
_2ddc _cBK |
||